| 000 | 00552nam a22001817a 4500 | ||
|---|---|---|---|
| 999 |
_c57640 _d57640 |
||
| 005 | 20221108162837.0 | ||
| 008 | 200824s2017 eng||||| |||| 00| 0 enk d | ||
| 020 | _a9781408061633X | ||
| 041 | _aeng | ||
| 080 | _a811. 111.1 M-15 | ||
| 100 |
_aMcKeegan, D. _99295 |
||
| 245 |
_aClose-Up B2 English In Use TB : _bEnglish in USE. Teacher's Book / _c D. McKeegan. |
||
| 264 | _c2017. | ||
| 300 |
_a182 p. _b30 cm. |
||
| 653 | _aინგლისური ენა | ||
| 653 | _aმასწავლებლის წიგნი | ||
| 942 |
_2udc _cBK |
||